Firemné IT v jednom zariadení

Trend zjednocovania a zjednodušovania podnikových informačných systémov do jedného funkčného celku. Cieľom je zjednotiť správu podnikového IT. Ochrana podnikových informačných systémov a požiadavky jednotlivých firiem. Očakávania užívateľa.

Gespeichert in:
Bibliographische Detailangaben
1. Verfasser: Katrenčík, Pavol
Format: Buchkapitel
Sprache:Slowakisch
Schlagworte:
Tags: Tag hinzufügen
Keine Tags, Fügen Sie das erste Tag hinzu!

MARC

LEADER 00000naa a2200000 4500
001 0258705
005 20191003102352.7
041 0 |a slo 
044 |a SK 
245 1 0 |a Firemné IT v jednom zariadení  |c Pavol Katrenčík 
520 |a Trend zjednocovania a zjednodušovania podnikových informačných systémov do jedného funkčného celku. Cieľom je zjednotiť správu podnikového IT. Ochrana podnikových informačných systémov a požiadavky jednotlivých firiem. Očakávania užívateľa. 
610 2 0 |a technológie informačné 
610 2 0 |a firmy 
610 2 0 |a systémy informačné 
610 2 0 |a integrácia 
610 2 0 |a bezpečnosť kybernetická 
100 1 |a Katrenčík, Pavol